Teorias del lenguaje, teorias del aprendizaje: el debate entre Jean Piaget y Noam Chomsky
Saved in:
| Main Author: | |
|---|---|
| Corporate Author: | |
| Format: | Book |
| Language: | Spanish |
| Published: |
Barcelona
Critica
1983
|
| Series: | Serie general. Estudios y ensayos, 108
|
| Subjects: | |
| Tags: |
Add Tag
No Tags, Be the first to tag this record!
|
MARC
| LEADER | 00000nam a2200000 a 4500 | ||
|---|---|---|---|
| 001 | UCY1462 | ||
| 003 | CL-VaPUC | ||
| 008 | 940905e19830000SP |||||||||||||||||spa|d | ||
| 082 | 0 | 4 | |a 401.9 |b PIA |2 21 |
| 100 | 0 | |a Piattelli-Palmarini, Massimo |e author |9 329446 | |
| 110 | 2 | |a Centre Royaumont pour une science de l'Homme |e author |9 329447 | |
| 245 | 1 | 0 | |a Teorias del lenguaje, teorias del aprendizaje: el debate entre Jean Piaget y Noam Chomsky |
| 300 | |a 449 p | ||
| 942 | |c BK | ||
| 945 | |d 19940905 00:00:00 |a rbrito | ||
| 260 | |a Barcelona |b Critica |c 1983 | ||
| 650 | 0 | |a Psicolingüística |9 283371 | |
| 650 | 0 | |a Congresos |9 257560 | |
| 650 | 0 | |a Filosofía del lenguaje |9 257082 | |
| 583 | |a last modification |c 20111003 05:04:05 |k Rodrigo Vera | ||
| 490 | 0 | |a Serie general. Estudios y ensayos, 108 | |
| 999 | |c 230156 |d 230154 | ||
| 952 | |0 0 |1 0 |4 0 |6 401_900000000000000_PIA_1983 |7 0 |8 A |9 232191 |a FDOPOS |b FDOPOS |d 2019-11-15 |i 3013332 |o 401.9 PIA 1983 |p 3013332 |r 2025-01-22 |w 2019-11-15 |y BK |k MLA | ||
| 952 | |0 0 |1 0 |4 0 |6 401_900000000000000_PIA_1983 |7 0 |8 A |9 232192 |a BIBEDU |b BIBEDU |d 2019-11-15 |i 1450980 |l 1 |o 401.9 PIA 1983 |p 1450980 |r 2023-09-12 |s 2023-09-12 |w 2019-11-15 |y BK |k LIT | ||
| 952 | |0 0 |1 0 |4 0 |6 401_900000000000000_PIA_1983 |7 0 |8 A |9 232193 |a FDOPOS |b FDOPOS |d 2019-11-15 |i 3691128 |o 401.9 PIA 1983 |p 3691128 |r 2025-01-22 |w 2019-11-15 |y BK |k MLA | ||
| 952 | |0 0 |1 0 |4 0 |6 401_900000000000000_PIA_1983 |7 0 |8 A |9 232194 |a FDOPOS |b FDOPOS |d 2019-11-15 |i 4360605 |o 401.9 PIA 1983 |p 4360605 |r 2025-01-22 |w 2019-11-15 |y BK |k MLA | ||